| 000 | 00932nam a2200277Ia 4500 | ||
|---|---|---|---|
| 003 | OSt | ||
| 005 | 20221005043132.0 | ||
| 006 | a|||||r|||| 00| 0 | ||
| 007 | ta | ||
| 008 | 221004b |||||||| |||| 00| 0 eng d | ||
| 020 |
_a9781409440130 (pbk) _c2258.96 |
||
| 024 | _a24277 | ||
| 037 |
_b057, 15/12/2015, Better Book Service _cTextual |
||
| 040 |
_aCRL _cCRL _beng |
||
| 041 |
_2eng _aeng |
||
| 082 | _aQ.49G, Q5 | ||
| 100 | _aBlack Brian Ed. | ||
| 245 | 0 |
_aDialogue in early south asian religions _b Hindu, buddhist, and jain traditions |
|
| 260 |
_aEngland _bAshgate UK _c2015 |
||
| 300 |
_axi, 257p. _ccm. |
||
| 490 | _aDialogues in south asian traditions : Religion, philosophy, literature and history | ||
| 650 | _aRELIGION | ||
| 700 | _a Patton Laurie Ed. | ||
| 942 |
_hQ.49G, Q5 _cTEXL _2cc |
||
| 999 |
_c951351 _d951351 |
||